| 000 | 00898nam a2200301Ia 4500 | ||
|---|---|---|---|
| 001 | A8508 | ||
| 003 | IT-RoPAU | ||
| 008 | 130308s9999 xx 000 0 und d | ||
| 040 | _aIT-RoPAU | ||
| 040 | _cIT-RoPAU | ||
| 041 | _aITALIANO | ||
| 100 | _aAugè Matias | ||
| 100 | _gCodice Aut. SPICS: 36419 | ||
| 245 | _a"Dal rituale ""tipico"" ai rituali particolari del matrimonio" | ||
| 245 | _bCelebrazione del matrimonio Cristiano (La) | ||
| 250 | _a1a ed. | ||
| 260 | _aBOLOGNA | ||
| 260 | _bEDB - Edizioni Dehoniane | ||
| 260 | _c1977 [1° Ed.:1977 - Ed.Ling.Originale:1976] | ||
| 300 | _a"27 p. (prefazione: no ; testo: 27 [pagine: 235-261])" | ||
| 500 | _aAnalisi comparativa di Alcune realizzazioni nel rito della celebrazione del Matrimonio. | ||
| 650 | _aMATRIMONIO | ||
| 650 | _eCodice materia Spics: 9156 | ||
| 942 | _cBK | ||
| 957 | _71 | ||
| 999 |
_c63417 _d63417 |
||
| 999 | _bSI | ||
| 999 | _g1 | ||